Govt. of
Madhya Pradesh

Normal view MARC view

Entry Personal Name

Number of records used in: 1

001 - CONTROL NUMBER

  • control field: 6487

003 - CONTROL NUMBER IDENTIFIER

  • control field: OSt

005 - DATE AND TIME OF LATEST TRANSACTION

  • control field: 20150821131428.0

008 - FIXED-LENGTH DATA ELEMENTS

  • fixed length control field: 150821|| aca||aabn | a|a d

040 ## - CATALOGING SOURCE

  • Original cataloging agency: OSt
  • Transcribing agency: OSt

100 ## - HEADING--PERSONAL NAME

  • Personal name: Wolf, Hanns P.

670 ## - SOURCE DATA FOUND

  • Source citation: Work cat.: (OSt)5684: Wolf, Hanns P., Speaking Off: High Blood Pressure, 1983